| 000 | 01155nam a2200205Ii 4500 | ||
|---|---|---|---|
| 003 | JO-AjNU | ||
| 008 | 230605s9999||||xx |||||||||||||| ||und|| | ||
| 017 | _a1988/5/248 | ||
| 040 |
_aJO-AjNU _bara _erda _cJO-AjNU |
||
| 041 | _aara | ||
| 050 | 1 | 4 | _aBP134.F58.N32 1988 |
| 100 | 3 |
_a ندوة الأمن الغذائي في العالم الاسلامي ( عمان: 1987)؛ تحرير صبحي القاسم, _eauthor _940994 |
|
| 245 | 0 | 0 | _aالامن الغذائي في العالم الاسلامي: وقائع ندوة الأمن الغذائي في العالم الاسلامي التي نظمتها الاكاديمية الاسلامية للعلوم |
| 264 | 3 | 1 | _aعمان: الاكاديمية الاسلامية للعلوم،1988 |
| 300 |
_a600ص _bصور توضيحية |
||
| 336 |
_atext _btxt _2rdacontent |
||
| 337 |
_aunmediated _bn _2rdamedia |
||
| 338 |
_avolume _bnc _2rdacarrier |
||
| 650 | 4 |
_aالاغذية - مؤتمرات - الاغذية - جوانب اقتصادية - البلاد العربية - الامن الغذائي - البلاد العربية - البلاد الاسلامية - جوانب اقتصادية _940995 |
|
| 999 |
_aA17441 _c21009 _d21009 |
||